Quizzes
Events
Quiz Creation
Community
Videos
Private Events
Remove Ads
Sign In
Join for FREE
Feedback
Dark Mode
Quiz Categories
Sports
Geography
Music
Movies
Television
Just For Fun
Miscellaneous
History
Literature
Language
Science
Gaming
Entertainment
Religion
Holiday
For Kids
Quiz Lab
Recent
Popular Today
Quiz Kudos Today
Editor Picks
Curator Picks
Quizzes by...
Day
Popularity
Type
Ratings
Length
Year
Community
Subscriptions
Recent Discussions
Orange Saloon
Badges
Playlists
Quests
Create
Leaderboards
Showdown
Live 5
Trivia Bingo
Activity
Puzzle Library
Sporcle Events
Private Events
Virtual Trivia
Globe League
Become a Host
Pub Owners
SporcleCon
Opinionation
Our Games
Videos
Blog
Mobile Apps
Partnerships
Remove Ads and Go Orange
Feedback
Science
Computer
Plants
Astronomy
Chemistry
Elements
Math
Animal
Physics
Anatomy
Biology
Geology
General Science
Science
Computer
Plants
Astronomy
Chemistry
Elements
Math
Animal
Physics
Anatomy
Biology
Geology
General Science
Random Quiz
Search Sporcle
×
Quiz Lab
Quiz Lab
Science
area
Type in answers that appear in a list
Type in answers that appear in a list
Classic
Best Score? Go Orange.
Abdominal Pain Causes Stats
Can you name the Causes of Abdominal Pain ?
By
skints98
10m
25 Questions
92 Plays
92 Plays
92 Plays
Comments
Comments
Give Quiz Kudos
Give Quiz Kudos
-
- Ratings
hide this ad
Replay
Link that replays current quiz
Next Quiz
Link to next quiz in quiz playlist
You Got
0%
They Got
Avg Score
28%
Avg Friend Score
Upgrade to see
Score Distribution
Jump to the score distribution portion of the page
Score
0/25
Timer
10:00
0
Plays Today
Area
Cause
% Correct
Appendicitis
91.3%
Right Lower Quadrant
Appendicitis
91.3%
Epigastrium
Pancreatitis
56.5%
Peptic Ulcer
42.4%
Left Lower Quadrant
Diverticulitis
39.1%
Hepatitis
37%
Ulcerative colitis
32.6%
Crohn's disease
31.5%
Crohn's Disease
31.5%
Duodenal Ulcer
26.1%
Pyelonephritis
26.1%
Pyelonephritis
26.1%
Gastric Ulcer
25%
Area
Cause
% Correct
Pneumonia
23.9%
Renal stone
19.6%
Renal Stone
19.6%
Acute Cholecystitis
16.3%
Right Upper Quadrant
Acute Cholecystitis
16.3%
Extra-
intestinal causes
MI
16.3%
strangulated hernia
10.9%
Left Upper Quadrant
Ruptured spleen
10.9%
Aortic Aneurysm
9.8%
Perforated caecum
4.3%
Perforated Oesophagititis
3.3%
Perforated Colon
3.3%
Quiz Playlist
Details
Report
Send in Message
Add To Playlist
Classic:
Type in answers that appear in a list
Last Updated: Feb 16, 2017
Quiz Scoreboard
CHALLENGE
Sign Up to Join the Scoreboard
Show All
Scores
Hide
Comments
May contain spoilers
Recently Published
College Basketball Coaching Resumes
by pancakes188
Sports
9m
Billboard Blitz: Fleetwood Mac
by CooCooCachoo
Music
15s
Presidents Visiting Landmarks
by Hejman
History
7m
More to Explore
Quiz From the Vault
Featured Blog Post
Where Did the Easter Bunny Come From?
hide this ad
You Might Also Like...
Tags
Abdominal
area
cause
pain
Today's Top Quizzes in Science
Browse Science
hide this ad
Today's Top Quizzes in area
Browse area
Top Contributed Quizzes in Science
1
Quick Pick: Radians
2
Quick Pick: 'CI-CJ' Animals
3
The First 100 Digits of Pi
4
Elements In Images
5
One Thing in Common: Science
6
Name the Acid, Base or Salt
7
Science Jokes
8
One Thing in Common: Science III
9
One Thing in Common: Science II
10
One Thing in Common: Animals
Explore More
Trending Topics
Disney
Crossword
Anime
Marvel
Harry Potter
Kpop
NBA
NFL
The Office
Country
WWE
Pokémon
Soccer
Song
Puzzle
hide this ad
More By:
skints98
Quiz
Plays
Rating
Category
Featured
Created
Abdominal Pain Causes
92
2.50
Science
Nov 7, 2009
Abdominal Examination Signs
37
1.00
Science
Nov 7, 2009
Go to Creator's Profile
Score Distribution
Quiz Creator Spotlight
skints98
Follow
Send a Message
Quizzes Created
-
Created Quiz Play Count
-
More By This Creator
Popular Quizzes Today
1
Find the US States - No Outlines Minefield
2
Find the Countries of Europe - No Outlines Minefield
3
The Countries of the World
4
Find the US States
5
Risky Map Clicking: Biggest States A-Z
6
US States
7
Popular People in 1961
8
Movies - When Are They Set?
More Science Quizzes
'O' Natural World
Published
Trending Quizzes
Risky Map Clicking: Least Populous States A-Z
1-10 Letter G Words
1-10 Letter F Words
Risky Map Clicking: Next State Alphabetically
Click the Washington State Counties! (Map)
Recently Updated
Leaping Animals
pecheneg
Reality TV Shows (A-Z)
bhenderson79
Rickey Henderson's Hall of Fame Teammates
pecheneg
Champions League XIs: Arsenal
pecheneg
Quick Pick: Celebrities in WWE's Hall of Fame
aduchscher
A-Z Keypad Blitz II
pecheneg
Multiple Oscar Actors
pecheneg
Mystery Phrase Blitz: Oscar 'Best Actors'
pecheneg
F. Scott Fitzgerald Novels
LTH
Pick 3 Villains
ddd62291
Trending Topics
Harry Potter
Anime
Disney
Kpop
Crossword
NBA
Marvel
The Office
Soccer
Song
NFL
Pokémon
Puzzle
WWE
Country
Your Account Isn't Verified!
In order to create a playlist on Sporcle, you need to verify the email address you used during registration. Go to your
Sporcle Settings
to finish the process.
Report this User
Report this user for behavior that violates our
Community Guidelines
.
Details:
Send Report
Go to the Sporcle.com Mobile Site →
Comments